Alla ricerca di Nemo - Quiz - level 2 - Statistics

Statistiche generali
  • Questo quiz è stato fatto 13 volte
  • Il punteggio medio è 8 su 15
Statistiche sulle risposte
Domanda Risposta % Corretto
...che animale è? Razza
85%
Quanti anni ha Scorza? Centocinquanta
69%
Cosa dicono i gabbiani? Mio
69%
Come Nemo e i suoi compagni chiamano la barca? Motoschifo
69%
Come si chiama il dentista? P. Sherman
69%
Cosa dice Dory per tranquillizzarsi? Zitto e nuota
69%
Qual è il disturbo di Dory? Perdita di memoria a breve termine
62%
Come si chiama la mamma di Nemo? Coral
54%
Qual è il motto degli squali? I pesci sono amici non cibo
54%
...cosa usa? Sassolino
54%
Come si chiama il pellicano che aiuta Marlin? Amilcare
46%
Come si chiama il maestro della scuola? Mr. Ray
46%
Qual è la prima cosa che Nemo cerca di fare per fuggire dall’acquario? Bloccare il filtro
38%
...in quale luogo pericoloso Nemo la vede? Salto nel blu
38%
Come si chiama il gambero che pulisce l'acquario? Jaques
23%
Nessun quiz corrispondente trovato
Distribuzione punteggi
Percentuale di utenti per punteggio
Percentile per numero di risposta
I tuoi punteggi nel tempo
Non hai fatto questo quiz